000
00220nam a22001097a 4500
020
_a
1-85627-250-8
082
_a
821
_b
WOR/P
100
_a
WORDSWORTH
245
_a
A POCKET POET WORDS WORTH
650
_a
POEMS
942
_c
BK
999
_c
4002
_d
4002